Flowering Plants of India: (Record no. 187820)

MARC details
000 -LEADER
fixed length control field 00827nam a22002177a 4500
005 - DATE AND TIME OF LATEST TRANSACTION
control field 20220429145726.0
010 ## - LCCN (DPL NO)
LC control number ENG-132474-75
020 ## - INTERNATIONAL STANDARD BOOK NUMBER
International Standard Book Number 9788194522904
Terms of availability 1660.00
020 ## - INTERNATIONAL STANDARD BOOK NUMBER
International Standard Book Number 9788194522911
Terms of availability 1232.00
035 ## - SYSTEM CONTROL NUMBER
System control number EN-116006-07
037 ## - SOURCE OF ACQUISITION
Source of stock number/acquisition DBAD/PUB
082 ## - DEWEY DECIMAL CLASSIFICATION NUMBER
Classification number 582.034
245 ## - TITLE STATEMENT
Title Flowering Plants of India:
Remainder of title An Annotated Checklist/
Statement of responsibility, etc Edited by Ashiho Asosii Mao and Sudhansu Sekhar Dash
260 ## - PUBLICATION, DISTRIBUTION, ETC. (IMPRINT)
Place of publication, distribution, etc Kolkata
Name of publisher, distributor, etc The Director Botanical Survey Of India
Date of publication, distribution, etc 2020
270 ## - ADDRESS
Address CGO Complex, 3rd MSO Buildin, Block F, 5th & 6th Floor, DF-Block, Sector-I, Salt Lake City
City Kolkata
Postal code 700064
300 ## - PHYSICAL DESCRIPTION
Extent 970p. (v1), 705p. (v2)
Other physical details Index
Dimensions 29cm(hbk)
500 ## - GENERAL NOTE
General note Volume 1 to 2
700 ## - ADDED ENTRY--PERSONAL NAME
Personal name Edited by Dash, Sudhansu Sekhar
700 ## - ADDED ENTRY--PERSONAL NAME
Personal name Edited by Mao, Ashiho Asosil
942 ## - ADDED ENTRY ELEMENTS (KOHA)
Source of classification or shelving scheme Dewey Decimal Classification
Item type English Books
Classification part 582.034
Call number suffix FLO
Holdings
Withdrawn status Lost status Materials specified (bound volume or other part) Not for loan Collection code Home library Current library Date acquired Source of acquisition Cost, normal purchase price Full call number Barcode Copy number Cost, replacement price Koha item type
    VOLUME 1 Not For Loan Reference Ashok Vihar Ashok Vihar 29/04/2022 DBAD/PUB 1660.00 582.034 FLO EN-116006 1 1660.00 English Books
    VOLUME 2 Not For Loan Reference Ashok Vihar Ashok Vihar 29/04/2022 DBAD/PUB 1232.00 582.034 FLO EN-116007 1 1232.00 English Books

© Delhi Public Library
Hit Counter
free hit counter